LEADER 01415nam 2200433 450 001 000004916 005 20070503173500.0 100 $a--------d1989----km-y0itay0103----ba 101 0 $aita 102 $aIT 200 1 $aOdissea$fOmero$gintroduzione di Fausto Codino ; traduzione e note di Giuseppe Tonna 200 1 $a1 $n0007035 210 $aMilano$cGarzanti$d1989 215 $aXIX, 368 p.$d19 cm. 225 1 $a<> classici 327 $aContiene un dizionario dei luoghi e dei personaggi 676 $a883$v(20. ed.) 700 0$aHomerus$0155559 702 1$aCodino,$bFausto 702 1$aTonna,$bGiuseppe 801 0$aIT$bUniversità della Basilicata - B.I.A.$gRICA$2unimarc 912 $a000004916 996 $aOdyssea$917636 997 $aUNIBAS BAS $aMONLET BAS $aMONOGR BAS $aLETTERE CAT $aLOTITO$b01$c20000706$lBAS01$h1221 CAT $aDILEO$b01$c20000803$lBAS01$h1211 CAT $c20000920$lBAS01$h1833 CAT $c20001010$lBAS01$h1636 CAT $c20050601$lBAS01$h1753 CAT $abatch$b01$c20050718$lBAS01$h1048 CAT $c20050718$lBAS01$h1107 CAT $c20050718$lBAS01$h1137 CAT $c20050718$lBAS01$h1152 CAT $aBATCH$b00$c20070503$lBAS01$h1735 FMT Z30 -1$lBAS01$LBAS01$mBOOK$1BASA1$APolo Storico-Umanistico$2DID$BDidattica$3FP/96437$9FP/96437$696437$5L96437$820000706$f04$FPrestabile Didattica LEADER 00858nam--2200313---450 001 990001903380203316 005 20200428091912.0 010 $a0-521-36824-3 035 $a000190338 035 $aUSA01000190338 035 $a(ALEPH)000190338USA01 035 $a000190338 100 $a20040804d1987----km-y0itay0103----ba 101 0 $aeng 102 $aUS 105 $a||||||||001yy 200 1 $aPlaygoing in Shakespeare's London$fAndrew Gurr 210 $aNew York$cCambridge University Press$d1987 215 $a284 p.$d24 cm 600 1$aShakespeare,$bWilliam 676 $a792.09421 700 1$aGURR,$bAndrew$0198063 801 0$aIT$bsalbc$gISBD 912 $a990001903380203316 951 $aXVII A. 1516$b6559 DLAS$cXVII A.$d00349012 959 $aBK 969 $aCAS 996 $aPlaygoing in Shakespeare's London$9954604 997 $aUNISA